MARC details
| 000 -LEADER |
| fixed length control field |
02375cam a2200373 a 4500 |
| 001 - CONTROL NUMBER |
| control field |
4416359 |
| 003 - CONTROL NUMBER IDENTIFIER |
| control field |
GZU |
| 005 - DATE AND TIME OF LATEST TRANSACTION |
| control field |
20220912160158.0 |
| 008 - FIXED-LENGTH DATA ELEMENTS--GENERAL INFORMATION |
| fixed length control field |
930915s1994 nyu 000 1 eng |
| 010 ## - LIBRARY OF CONGRESS CONTROL NUMBER |
| LC control number |
93037213 |
| 020 ## - INTERNATIONAL STANDARD BOOK NUMBER |
| International Standard Book Number |
0060171162 : |
| Terms of availability |
$22.00 ($29.50 Can.) |
| 020 ## - INTERNATIONAL STANDARD BOOK NUMBER |
| International Standard Book Number |
0804113343 |
| 022 ## - INTERNATIONAL STANDARD SERIAL NUMBER |
| International Standard Serial Number |
0804113343 |
| 040 ## - CATALOGING SOURCE |
| Original cataloging agency |
DLC |
| Transcribing agency |
DLC |
| Modifying agency |
DLC |
| -- |
OCoLC |
| -- |
DLC |
| 043 ## - GEOGRAPHIC AREA CODE |
| Geographic area code |
n-us-dc |
| 050 00 - LIBRARY OF CONGRESS CALL NUMBER |
| Classification number |
PS3552. |
| Item number |
BRI 1994 |
| 100 1# - MAIN ENTRY--PERSONAL NAME |
| Personal name |
Briscoe, Connie. |
| Relator term |
author |
| 245 10 - TITLE STATEMENT |
| Title |
Sisters & lovers / |
| Statement of responsibility, etc. |
Connie Briscoe. |
| 250 ## - EDITION STATEMENT |
| Edition statement |
1st ed. |
| 260 ## - PUBLICATION, DISTRIBUTION, ETC. |
| Place of publication, distribution, etc. |
New York : |
| Name of publisher, distributor, etc. |
HarperCollins, |
| Date of publication, distribution, etc. |
c1994. |
| 300 ## - PHYSICAL DESCRIPTION |
| Extent |
409 pages : |
| Dimensions |
24 cm. |
| 500 ## - GENERAL NOTE |
| General note |
Domestic fiction |
| 504 ## - BIBLIOGRAPHY, ETC. NOTE |
| Bibliography, etc. note |
n/a |
| 505 ## - FORMATTED CONTENTS NOTE |
| Formatted contents note |
n/a |
| 520 ## - SUMMARY, ETC. |
| Summary, etc. |
Beverly, Charmaine, and Evelyn are three sisters living in the same city, but in very different worlds. They have at least one thing in common though: in their own corners of Washington, D.C., they are reaching their personal breaking points. Beverly, twenty-nine, is successful, reluctantly single, and perennially disappointed. Evelyn, thirty-seven, is educated and ambitious, with a husband, two great kids, and a house in the suburbs; but the secure world she has built for herself is quite possibly about to crumble. And Charmaine, thirty-five, struggles to support her son as well as her useless husband, all the while wondering what either of her sisters has to complain about. As this frank and funny novel unfolds, Beverly will find and lose more men than she'd like to admit, Charmaine will kick her husband out and let him back in more times than she'd like her sisters to know about, and Evelyn will try to keep it a secret that her husband isn't Mr. Perfect after all. But what these three women discover is that having a sister gives you one of the few things you can really rely on. In Sisters & Lovers, debut novelist Connie Briscoe has drawn a vivid and dramatic portrait that will make readers laugh out loud and nod their heads in recognition. It is a novel that announces the welcome arrival of a truly fresh new voice |
| 650 #0 - SUBJECT ADDED ENTRY--TOPICAL TERM |
| Topical term or geographic name entry element |
Sisters |
| Form subdivision |
Fiction. |
| 650 #0 - SUBJECT ADDED ENTRY--TOPICAL TERM |
| Topical term or geographic name entry element |
African American women |
| Form subdivision |
Fiction. |
| 651 #0 - SUBJECT ADDED ENTRY--GEOGRAPHIC NAME |
| Geographic name |
Washington (D.C.) |
| Form subdivision |
Fiction. |
| 655 #7 - INDEX TERM--GENRE/FORM |
| Genre/form data or focus term |
Domestic fiction. |
| Source of term |
lcsh |
| 655 #7 - INDEX TERM--GENRE/FORM |
| Genre/form data or focus term |
Love stories. |
| Source of term |
gsafd |
| 740 0# - ADDED ENTRY--UNCONTROLLED RELATED/ANALYTICAL TITLE |
| Uncontrolled related/analytical title |
Sisters and lovers. |
| 906 ## - LOCAL DATA ELEMENT F, LDF (RLIN) |
| a |
7 |
| b |
cbc |
| c |
orignew |
| d |
1 |
| e |
ocip |
| f |
19 |
| g |
y-gencatlg |
| 942 ## - ADDED ENTRY ELEMENTS (KOHA) |
| Source of classification or shelving scheme |
Library of Congress Classification |
| Koha item type |
Books |
| Classification part |
3552 |
| Item part |
BRI |
| Call number prefix |
PS |